| 000 | 00442nam a2200157Ia 4500 | ||
|---|---|---|---|
| 005 | 20250529120039.0 | ||
| 008 | 231217s9999 xx 000 0 und d | ||
| 020 | _a9781118987056 | ||
| 082 | _a001.64404 GRE;1 R | ||
| 100 | _aGregg, Michael. | ||
| 245 | 4 | _aThe network security test lab : a step-by-step guide | |
| 260 |
_c2015 _bJohn Wiley & Sons _aIndianapolis |
||
| 300 | _axxiv, 455 | ||
| 650 | _anetwork,step-by-step | ||
| 942 | _cAA | ||
| 999 |
_c198396 _d198396 |
||